| 000 | 00000nam 2200000zi 4500 |
| 001 | 9.899363 |
| 003 | CaOODSP |
| 005 | 20240725160447 |
| 006 | m o d f |
| 007 | cr |n||||||||| |
| 008 | 210430s1988 onc o f000 0|eng d |
| 040 | |aCaOODSP|beng|erda|cCaOODSP |
| 043 | |an-cn--- |
| 086 | 1 |aC23-277/1988E-PDF |
| 245 | 00|aKey performance measures for retail businesses. |
| 264 | 1|a[Ottawa] : |bGovernment of Canada, Regional Industrial Expansion = Gouvernement du Canada, Expansion industrielle régionale, |c[1988] |
| 300 | |a1 online resource (ii, 34 pages) |
| 336 | |atext|btxt|2rdacontent |
| 337 | |acomputer|bc|2rdamedia |
| 338 | |aonline resource|bcr|2rdacarrier |
| 500 | |aDigitized edition from print [produced by Innovation, Science and Economic Development Canada]. |
| 500 | |aIssued also in French under title: Principaux critères d'évaluation de la performance des commerces de détail. |
| 650 | 0|aRetail trade|xManagement. |
| 650 | 0|aSmall business|xManagement. |
| 710 | 1 |aCanada. |bDepartment of Regional Industrial Expansion, |eissuing body. |
| 775 | 08|tPrincipaux critères d'évaluation de la performance des commerces de détail.|w(CaOODSP)9.941084 |
| 856 | 40|qPDF|s687 KB|uhttps://publications.gc.ca/collections/collection_2024/isde-ised/c23/C23-277-1988-eng.pdf |